Les joueurs français à Chelsea - Statistiques

Statistiques générales
  • Ce quiz a été pris 249 fois
  • Le résultat moyen est 9 sur 18
Statistiques - réponses
Poste Nombre de matchs Années Joueur % Correct
Milieu de terrain 163 2016- N'Golo Kanté
94%
Attaquant 76 2018- Olivier Giroud
94%
Attaquant 184 2008-2012 Nicola Anelka
78%
Défenseur 223 1998-2004 Marcel Desailly
74%
Milieu de terrain 217 2003-2008 Claude Makelele
73%
Attaquant 229 2007-2013 Florent Malouda
70%
Défenseur 102 2014- Kurt Zouma
67%
Défenseur 225 2001-2006 William Gallas
62%
Défenseur 204 1996-2001 Frank Leboeuf
61%
Milieu de terrain 47 1999-2000 Didier Deschamps
55%
Défenseur /Milieu de terrain 76 2001-2004 Emmanuel Petit
52%
Milieu de terrain 43 2017- Tiémoué Bakayoko
44%
Attaquant 47 2014-2017 Loïc Rémy
35%
Milieu de terrain 31 2005-2007 Lassana Diarra
26%
Milieu de terrain /Attaquant 16 2009-2011 Gaël Kakuta
18%
Milieu de terrain 1 2009-2015 Jérémie Boga
6%
Défenseur 40 1997-2001 Bernard Lambourde
4%
Défenseur 11 1998-1998 Laurent Charvet
3%
Aucun quiz correspondant
Distribution des résultats
% des personnes avec chaque résultat
Percentile par nombre de réponses
Votre historique - résultats
Vous n’avez pas pris ce quiz